000 00600nam a22001937a 4500
003 DO-CoUTE
005 20260521134540.0
008 260521b dr ||||| |||| 00| 0 spa d
040 _aDO-CoUTE
_bspa
_cDO-CoUTE
082 _aRD 863.C421S2013
100 1 _aCestero, M. Tulio
_eAutor
245 1 0 _aLa sangre /
_cTulio M. Cestero
260 _aSanto Domingo, República Dominicana ;
_bEdiciones CP,
_c2013
300 _a143 Paginas ;
_c23cm,
504 _aIncluye referencia bibliográfica e índice.
650 4 _aNovela dominicana
700 1 _aTulio M. Cestero
_eAutor
942 _2ddc
_cBK
999 _c24216
_d24216